Estadísticas para Adjetivos latinos

Haz click aquí para intentar la prueba.

Estadísticas generales

  • Esta prueba ha sido intentada 36 veces
  • La puntuación promedio es 20 de 43

Estadísticas de respuestas

HintRespuesta% Correcto
grandegrandis
100%
parienteaffinis
75%
parientecognatus
75%
ricodives
75%
grandeimmanis
75%
grandeimmensus
75%
todointeger
75%
ricolocuples
75%
grandemagnus
75%
todoomnis
75%
ricoopulentus
75%
pobrepauper
75%
todototus
75%
todouniversus
75%
parienteagnatus
50%
ilustreclarus
50%
parienteconsanguineus
50%
perezosoignavus
50%
ilustreillustris
50%
perezosoiners
50%
grandeingens
50%
pobremiser
50%
ilustrenobilis
50%
perezosopiger
50%
todoplenus
50%
parientepropinquus
50%
grandevastus
50%
grandeamplus
25%
ilustreceleber
25%
todocunctus
25%
perezosodeses
25%
pobreegens
25%
ignoranteignarus
25%
ilustreinclitus
25%
pobreinops
25%
ilustreinsignis
25%
parientenecessarius
25%
perezosootiosus
25%
perezososegnis
25%
ignoranteimperitus
0%
ignoranteimprudens
0%
ignoranteinscius
0%
ignoranterudis
0%

Distribución de puntuación

Porcentaje por número respondido

Porcentaje de gente con cada puntuación

Historial de tus puntuaciones

No has intentado esta prueba.